| 000 | 00656nam a22002177a 4500 | ||
|---|---|---|---|
| 005 | 20150528130031.0 | ||
| 010 | _aENG-112814 | ||
| 020 |
_c225.00 _a9789380599571 |
||
| 035 | _aEN-96346 | ||
| 037 | _bDBAD/PUB | ||
| 082 | _a512 | ||
| 100 | _aGanguly, Sobhakar | ||
| 245 |
_aA treatise on basic algebra / _cby Sobhakar Ganguly [and] Manabendra Nath Mukherjee |
||
| 250 | _a3rd ed | ||
| 260 |
_aKolkata _bAcademic Publishers _c2012 |
||
| 270 |
_a5A Bhawani Dutta Lane, _bKolkata _e700073 |
||
| 300 |
_aviii,562p.: _c24cm(pbk) _bill. |
||
| 500 | _aIncludes index | ||
| 700 | _aMukherjee, Manabendra Nath | ||
| 942 |
_2ddc _cEN _mGAN _h512 |
||
| 999 |
_c92976 _d92976 |
||